Every Feature on Rodeo - Statistiken

Allgemein
  • Dieses Quiz wurde 15 mal gespielt
  • Das Durchschnittsergebnis liegt bei 10 aus 13
Antwortstatistiken
Hint Antwort % Korrekt
Wasted Juicy J
93%
Maria im Drunk Justin Bieber
93%
Piss on your Grave Kanye West
93%
3500 Future
86%
Oh My Dis Side Quavo
86%
Ok Alright ScHoolboy Q
86%
Nightcrawler Swae Lee
86%
Pray 4 Love The Weeknd
79%
Maria im Drunk Young Thug
79%
3500 2Chainz
71%
Nightcrawler Chief Keef
71%
90210 Kacy hill
71%
Flying High Toro Y Moi
50%
Keine übereinstimmenden Quizze gefunden
Verteilung der Resultate
Anzahl Personen mit jedem Resultat
Perzentil nach korrekt beantworteten Fragen
Ihre Resultats-Entwicklung
Sie haben dieses Quiz noch nicht gespielt